000 00350 a2200157 4500
001 72108
020 _a850808756X
040 _cAnchieta - Colégio São Paulo
100 _aRocha, Ruth
240 1 0 _aAlmanaque Ruth Rocha
_lpor
245 1 0 _aAlmanaque Ruth Rocha
300 _a136
362 0 _a2005
650 4 _aLiteratura infantil
942 _cBK
999 _c72108
_d72108